Anuario estadístico 2011.

Saved in:
書目詳細資料
企業作者: Consejo de Rectores de las Universidades Chilenas (autor)
格式: 圖書
語言:西班牙语
出版: Santiago, Chile: Secretaría General del H. Consejo de Rectores de las Universidades Chilenas, 2011.
主題:
在線閱讀:Disponible Online - Consejo de Rectores
標簽: 添加標簽
沒有標簽, 成為第一個標記此記錄!

MARC

LEADER 00000cam a2200000 a 4500
001 UCF5898
003 CL-VaPUC
005 20230401074316.0
008 130328e20110000CL |||||||||||||||||spa|d
999 |c 351291  |d 351289 
040 |c Pontificia Universidad Católica de Valparaíso 
082 0 4 |a 378.83 CON 2011  |2 21 
110 2 |a Consejo de Rectores de las Universidades Chilenas  |e autor  |9 567891 
245 1 0 |a Anuario estadístico 2011. 
260 |a Santiago, Chile:  |b Secretaría General del H. Consejo de Rectores de las Universidades Chilenas,  |c 2011. 
300 |a 561 páginas. 
583 |a last modification  |c 20130328 10:53:00  |k Rodrigo Vera 
650 0 |a Educación superior   |9 223851 
650 0 |a Universidades  |9 256317 
650 0 |a Datos estadísticos  |9 329380 
650 0 |a Anuarios  |9 258977 
856 |u https://www.consejoderectores.cl/wp-content/uploads/anuario/2011/Versin_completa_2011.pdf  |y  Disponible Online - Consejo de Rectores 
942 |c BK  |2 ddc 
945 |d 20130328 00:00:00  |a dcastane 
952 |0 0  |1 0  |4 0  |6 378_830000000000000_CON_2011  |7 0  |8 ED_SUP  |9 455313  |a BIBGIM  |b BIBGIM  |c S_PSTGRDO  |d 2019-11-22  |i 495842K  |o 378.83 CON 2011  |p 495842K  |r 2025-01-15  |w 2019-11-22  |y BK  |k ESU 
952 |0 0  |1 0  |4 0  |6 378_830000000000000_CON_2011  |7 0  |8 P  |9 455314  |a BIBEDU  |b BIBEDU  |c BIBEDU_PB  |d 2019-11-22  |i 4958330  |o 378.83 CON 2011  |p 4958330  |r 2019-11-22  |w 2019-11-22  |y BK  |k BME 
952 |0 0  |1 0  |2 ddc  |4 0  |6 378_830000000000000_CON_2011  |7 0  |8 ED_SUP  |9 589402  |a BIBGIM  |b BIBGIM  |c S_PSTGRDO  |d 2023-03-31  |e Donación  |i 5656975  |o 378.83 CON 2011  |p 5656975  |r 2025-01-15  |t 3  |w 2023-03-31  |y BK  |k ESU